Statystyki dla Top 5 miast w województwie Dolnośląskim pod względem powierzchni

Kliknij tutaj aby rozwiązać quiz!

Ogólne statystyki

  • Ten quiz został rozwiązany 26 razy
  • Średni wynik to 3 z 5

Statystyki odpowiedzi

PowierzchniaMiasto% Poprawnych
292Wrocław
100%
109Jelenia góra
95%
84Wałbrzych
82%
75Szklarska Poręba
32%
80Szczytna
5%

Rozkład punktacji

Percentyl według liczby udzielonych odpowiedzi

Procent ludzi z każdym wynikiem

Twoja historia wyników

Nie rozwiązałeś tego quizu